Inorganic Chemistry: (Record no. 203611)

MARC details
000 -LEADER
fixed length control field 00812nam a22002297a 4500
005 - DATE AND TIME OF LATEST TRANSACTION
control field 20240614130416.0
010 ## - LCCN (DPL NO)
LC control number ENG-140614
020 ## - INTERNATIONAL STANDARD BOOK NUMBER
Terms of availability 999.00
International Standard Book Number 9789356064485
035 ## - SYSTEM CONTROL NUMBER
System control number EN-124146
037 ## - SOURCE OF ACQUISITION
Source of stock number/acquisition DBAD
082 ## - DEWEY DECIMAL CLASSIFICATION NUMBER
Classification number 546
Edition number 5
100 ## - MAIN ENTRY--PERSONAL NAME
Personal name Huheey, James E
245 ## - TITLE STATEMENT
Title Inorganic Chemistry:
Statement of responsibility, etc By James E Huheey...[et.al]
Remainder of title Principles of Structure and Reactivity/
250 ## - EDITION STATEMENT
Edition statement 5
260 ## - PUBLICATION, DISTRIBUTION, ETC. (IMPRINT)
Place of publication, distribution, etc Noida
Name of publisher, distributor, etc Pearson India Education Pvt Ltd
Date of publication, distribution, etc 2024
270 ## - ADDRESS
Address 1st Floor, Berger Tower, Plot No. C-001/2, Sector 16B
City Noida
Postal code 201301
Electronic mail address companysecretary.india@pearson.com
300 ## - PHYSICAL DESCRIPTION
Extent xxiv,944p.
Dimensions 24cm(pbk)
Other physical details Index
700 ## - ADDED ENTRY--PERSONAL NAME
Personal name Keiter, Ellen A
Relator term Author
9 (RLIN) 67529
700 ## - ADDED ENTRY--PERSONAL NAME
Personal name Keiter, Richard L
Relator term Author
9 (RLIN) 67530
700 ## - ADDED ENTRY--PERSONAL NAME
Personal name Medhi, Okhil K
Relator term Author
9 (RLIN) 67531
942 ## - ADDED ENTRY ELEMENTS (KOHA)
Source of classification or shelving scheme Dewey Decimal Classification
Item type English Books
Classification part 546
Call number suffix HUH
Edition 5
Holdings
Withdrawn status Lost status Not for loan Collection code Home library Current library Date acquired Source of acquisition Cost, normal purchase price Full call number Barcode Copy number Cost, replacement price Koha item type
      Non-fiction Narela Narela 14/06/2024 DBAD 999.00 546 HUH EN-124146 1 999.00 English Books
        Narela Narela 26/02/2026     546 HUH       English Books

© Delhi Public Library
Hit Counter
free hit counter